Normal view
MARC view
- Taxation.
Entry Topical Term
001 - CONTROL NUMBER
- control field: 45472
003 - CONTROL NUMBER IDENTIFIER
- control field: OSt
005 - DATE AND TIME OF LATEST TRANSACTION
- control field: 20220607101910.0
008 - FIXED-LENGTH DATA ELEMENTS
- fixed length control field: 220607|| aca||aabn | a|a d
040 ## - CATALOGING SOURCE
- Original cataloging agency: OSt
- Transcribing agency: OSt
150 ## - HEADING--TOPICAL TERM
- Topical term or geographic name entry element: Taxation.
670 ## - SOURCE DATA FOUND
- Source citation: Work cat.: (OSt): Michael G. Stevens. 45471, Does basis overstatement trigger a six-year limitations period?, ©2012.
